| 000 | 01290nam a22002895a 4500 | ||
|---|---|---|---|
| 999 |
_c27176 _d27148 |
||
| 003 | EG-ScBUE | ||
| 005 | 20190218115402.0 | ||
| 008 | 190218s2011 ua frb 000 0 ara d | ||
| 017 | _a2010 / 11250 | ||
| 020 | _a9789773563737 | ||
| 020 | _a9789773563937 | ||
| 040 |
_aEG-ScBUE _bara _cEG-ScBUE _dEG-ScBUE |
||
| 082 | 0 | 4 |
_a320.54095694 _bش ا ك _222 |
| 100 | 1 | _aشاكر، عبد الوهاب سعيد. | |
| 245 | 1 | 0 |
_aدور يهود الولايات المتحدة في دعم الحركة الصهيونية / _cعبد الوهاب سعيد شاكر. |
| 246 | 3 | 3 | _aدور يهود الولايات المتحدة في دعم الحركة الصهيونية، (1939 - 1945 م) |
| 250 | _aط. 1. | ||
| 260 |
_aالجيزة، مصر : _bهلا للنشر والتوزيع، _c2011. |
||
| 300 |
_a244 ص. ؛ _c24 سم. |
||
| 504 | _aيشتمل على إرجاعات ببليوجرافية. | ||
| 650 | 7 |
_aالصهيونية _xتاريخ. _2BUEsh |
|
| 650 | 7 |
_aاليهود _zالولايات المتحدة الأمريكية. _2BUEsh |
|
| 650 | 7 |
_aالنزاع العربي الإسرائيلي. _2BUEsh |
|
| 651 | 7 |
_aفلسطين _xتاريخ _xالعصر الحديث _yالاحتلال البريطاني، 1917-1948 م. _2BUEsh |
|
| 653 |
_bBUSBOL _cFebruary2019 |
||
| 942 | _2ddc | ||